000 00643nam a2200193Ia 4500
008 151119s9999||||xx |||||||||||||| ||und||
082 _a615.53
082 _bGKKV24464
100 _aनरसर्गेकर सुरेश
245 _aफुलाव्दारे रोगनिवारण
260 _a--
260 _b--
260 _c0
600 _aनरसर्गेकर सुरेश
630 _aफुलाव्दारे रोगनिवारण
700 _aनरसर्गेकर सुरेश
730 _aफुलाव्दारे रोगनिवारण
942 _cBOOK
999 _c1077039
_d1077036